[Event "TUR-chT Clubs"]
[Site "Konya"]
[Date "2019.07.18"]
[Round "5.20"]
[White "Karatas, Deniz"]
[Black "Kulakli, Ahmet"]
[Result "1/2-1/2"]
[WhiteElo "1533"]
[BlackElo "1649"]
[PlyCount "52"]
[EventDate "2019.07.16"]
[EventType "team-swiss"]
[EventRounds "9"]
[EventCountry "TUR"]
[SourceTitle "CBM 191 Extra"]
[Source "ChessBase"]
[SourceDate "2019.09.30"]
[SourceVersion "1"]
[SourceVersionDate "2019.09.30"]
[SourceQuality "1"]
[WhiteTeam "Elazig Genclik"]
[BlackTeam "Mersin Zeka"]
[WhiteTeamCountry "TUR"]
[BlackTeamCountry "TUR"]

1. e4 c6 2. c4 d5 3. exd5 cxd5 4. d4 Nf6 5. Nc3 Nc6 6. Bf4 a6 7. Be2 e6 8. Nf3 Be7 9. h3 0-0 10. 0-0 Ne4 11. Na4 Qa5 12. c5 Qd8 13. Nb6 Ra7 14. Ne5 Nxe5 15. Bxe5 Bd7 16. f3 Nxc5 17. Kh1 Qxb6 18. dxc5 Bxc5 19. Qd2 Bb5 20. Bxb5 Qxb5 21. Bxg7 Kxg7 22. Qg5+ Kh8 23. Qf6+ Kg8 24. Qg5+ Kh8 25. Qf6+ Kg8 26. Qg5+ Kh8 1/2-1/2

[Event "TUR-chT2"]
[Site "Konya"]
[Date "2017.07.15"]
[Round "9.19"]
[White "Yilmaz, Serkan"]
[Black "Karatas, Deniz"]
[Result "1/2-1/2"]
[WhiteElo "1611"]
[BlackElo "1526"]
[PlyCount "38"]
[EventDate "2017.07.09"]
[EventType "team-swiss"]
[EventRounds "9"]
[EventCountry "TUR"]
[SourceTitle "CBM 179 Extra"]
[Source "ChessBase"]
[SourceDate "2017.08.23"]
[SourceVersion "1"]
[SourceVersionDate "2017.08.23"]
[SourceQuality "1"]
[WhiteTeam "Amasya Oguz Ata"]
[BlackTeam "Genclik Elazig"]
[WhiteTeamCountry "TUR"]
[BlackTeamCountry "TUR"]

1. e4 e6 2. d4 d5 3. exd5 exd5 4. Nf3 Nf6 5. Bd3 Bd6 6. 0-0 0-0 7. Bg5 Bg4 8. Nbd2 Nbd7 9. c3 c6 10. Qc2 Qc7 11. Rfe1 Rfe8 12. Bf5 b6 13. h3 Bh5 14. Rad1 c5 15. dxc5 bxc5 16. Rc1 Rab8 17. b3 Qa5 18. c4 d4 19. Rxe8+ Rxe8 1/2-1/2

[Event "TUR-chT2"]
[Site "Konya"]
[Date "2017.07.14"]
[Round "8.21"]
[White "Karatas, Deniz"]
[Black "Kantar, Cihat Celaleddin"]
[Result "1-0"]
[WhiteElo "1526"]
[BlackElo "1400"]
[PlyCount "61"]
[EventDate "2017.07.09"]
[EventType "team-swiss"]
[EventRounds "9"]
[EventCountry "TUR"]
[SourceTitle "CBM 179 Extra"]
[Source "ChessBase"]
[SourceDate "2017.08.23"]
[SourceVersion "1"]
[SourceVersionDate "2017.08.23"]
[SourceQuality "1"]
[WhiteTeam "Genclik Elazig"]
[BlackTeam "Karaman Idman Yurdu"]
[WhiteTeamCountry "TUR"]
[BlackTeamCountry "TUR"]

1. e4 d6 2. Nf3 g6 3. d4 Bg7 4. Nc3 Nf6 5. Bd3 0-0 6. h3 c6 7. Be3 Nbd7 8. Qd2 e5 9. 0-0-0 a5 10. Bh6 b5 11. Bxg7 Kxg7 12. g4 Re8 13. Rdg1 Nb6 14. dxe5 dxe5 15. h4 Bxg4 16. Nxe5 Rxe5 17. f4 Rh5 18. e5 Bf5 19. Qe2 Kf8 20. Bxf5 Rxf5 21. exf6 Qxf6 22. h5 Rxh5 23. Rxh5 Qxf4+ 24. Kb1 gxh5 25. Qxh5 Qe3 26. Rf1 Ra7 27. Qxh7 Qg5 28. Qh8+ Ke7 29. Re1+ Kd7 30. Qe8+ Kc7 31. Re7+ 1-0

[Event "TUR-chT2"]
[Site "Konya"]
[Date "2017.07.12"]
[Round "5.19"]
[White "Yardim, Ahmet"]
[Black "Karatas, Deniz"]
[Result "0-1"]
[WhiteElo "1456"]
[BlackElo "1526"]
[PlyCount "42"]
[EventDate "2017.07.09"]
[EventType "team-swiss"]
[EventRounds "9"]
[EventCountry "TUR"]
[SourceTitle "CBM 179 Extra"]
[Source "ChessBase"]
[SourceDate "2017.08.23"]
[SourceVersion "1"]
[SourceVersionDate "2017.08.23"]
[SourceQuality "1"]
[WhiteTeam "Genclik Bitlis"]
[BlackTeam "Genclik Elazig"]
[WhiteTeamCountry "TUR"]
[BlackTeamCountry "TUR"]

1. e4 e6 2. d4 d5 3. exd5 exd5 4. Bd3 Bd6 5. Be3 Nf6 6. Nd2 Ng4 7. Ngf3 Nxe3 8. fxe3 Bg4 9. 0-0 Nd7 10. e4 dxe4 11. Nxe4 Nf6 12. Nxd6+ Qxd6 13. Qe1+ Be6 14. Bc4 0-0-0 15. Bxe6+ fxe6 16. c3 c5 17. Rd1 h6 18. Kh1 cxd4 19. Nxd4 Ng4 20. Qxe6+ Qxe6 21. Nxe6 Rxd1 0-1

[Event "TUR-chT2"]
[Site "Konya"]
[Date "2017.07.11"]
[Round "4.14"]
[White "Karatas, Deniz"]
[Black "Isak, Can"]
[Result "1-0"]
[WhiteElo "1526"]
[BlackElo "1357"]
[PlyCount "110"]
[EventDate "2017.07.09"]
[EventType "team-swiss"]
[EventRounds "9"]
[EventCountry "TUR"]
[SourceTitle "CBM 179 Extra"]
[Source "ChessBase"]
[SourceDate "2017.08.23"]
[SourceVersion "1"]
[SourceVersionDate "2017.08.23"]
[SourceQuality "1"]
[WhiteTeam "Genclik Elazig"]
[BlackTeam "Atakum Belediye"]
[WhiteTeamCountry "TUR"]
[BlackTeamCountry "TUR"]

1. e4 e5 2. Nf3 Nc6 3. Bc4 Bc5 4. 0-0 Nf6 5. Nc3 0-0 6. d3 h6 7. a3 a5 8. h3 d6 9. Be3 Re8 10. Bxc5 dxc5 11. Na4 Qd6 12. Nc3 Na7 13. a4 Be6 14. Bxe6 Qxe6 15. Nh4 Kh7 16. Nf5 g6 17. Ne3 Nh5 18. Ncd5 Rac8 19. Qd2 b6 20. Ng4 g5 21. f3 f5 22. Nge3 f4 23. Ng4 Nc6 24. c3 Ne7 25. Nxe7 Rxe7 26. d4 Rd8 27. d5 c6 28. Rad1 cxd5 29. exd5 Qd6 30. Rfe1 Nf6 31. Re2 Nxg4 32. hxg4 Kg7 33. c4 h5 34. gxh5 Rh8 35. g4 fxg3 36. Qxg5+ Kf7 37. Rde1 Qf6 38. f4 Rg8 39. Qxf6+ Kxf6 40. Rxe5 Rh7 41. Kg2 Rg4 42. Rf1 Rxf4 43. Re6+ Kf5 44. Rxf4+ Kxf4 45. h6 Kg4 46. Rxb6 Rf7 47. Rg6+ Kh5 48. Rg7 Rf8 49. h7 Rh8 50. Kxg3 Kh6 51. Rc7 Kg5 52. Rxc5 Rxh7 53. Rxa5 Kf5 54. b3 Ke5 55. Rb5 Rg7+ 1-0

[Event "TUR Cup"]
[Site "Antalya"]
[Date "2017.01.31"]
[Round "6"]
[White "Sahutoglu, Mehmet Ibrahim"]
[Black "Karatas, Deniz"]
[Result "1-0"]
[WhiteElo "1780"]
[BlackElo "1554"]
[PlyCount "59"]
[EventDate "2017.01.28"]
[EventType "swiss"]
[EventRounds "11"]
[EventCountry "TUR"]
[SourceTitle "CBM 176 Extra"]
[Source "ChessBase"]
[SourceDate "2017.03.02"]
[SourceVersion "1"]
[SourceVersionDate "2017.03.02"]
[SourceQuality "1"]

1. c4 Nf6 2. Nc3 g6 3. g3 Bg7 4. Bg2 0-0 5. e4 d6 6. Nge2 c5 7. 0-0 Nc6 8. d3 Bd7 9. h3 a6 10. Be3 Rb8 11. a4 Qc8 12. Kh2 Ne8 13. Qd2 Nc7 14. a5 Ne6 15. Nd5 Qd8 16. f4 Ned4 17. Ra3 Kh8 18. Bxd4 Bxd4 19. Nxd4 Nxd4 20. b4 f5 21. bxc5 dxc5 22. e5 Bc6 23. Rb1 e6 24. Ne3 Bxg2 25. Qxg2 Qc7 26. Rb6 Nc6 27. Qd2 Rfd8 28. Nc2 Kg7 29. Rab3 Qe7 30. Kg2 1-0

[Event "TUR Cup"]
[Site "Antalya"]
[Date "2017.01.30"]
[Round "4"]
[White "Akyuz, Murat"]
[Black "Karatas, Deniz"]
[Result "0-1"]
[WhiteElo "1885"]
[BlackElo "1554"]
[PlyCount "98"]
[EventDate "2017.01.28"]
[EventType "swiss"]
[EventRounds "11"]
[EventCountry "TUR"]
[SourceTitle "CBM 176 Extra"]
[Source "ChessBase"]
[SourceDate "2017.03.02"]
[SourceVersion "1"]
[SourceVersionDate "2017.03.02"]
[SourceQuality "1"]

1. d4 Nf6 2. c4 g6 3. Nc3 Bg7 4. e4 d6 5. f3 0-0 6. Bg5 h6 7. Be3 e5 8. d5 c5 9. Qd2 h5 10. h4 Qd7 11. 0-0-0 a6 12. g4 hxg4 13. h5 gxh5 14. Bh6 Nh7 15. Bxg7 Kxg7 16. Rxh5 f6 17. Nge2 f5 18. Qh6+ Kg8 19. Ng3 Rf6 20. Qd2 f4 21. Nf5 g3 22. Bh3 Qe8 23. Bg4 Nd7 24. Rdh1 Ndf8 25. Qg2 b5 26. Qh3 Ra7 27. Nh6+ Rxh6 28. Rxh6 Bxg4 29. Qxg4+ Rg7 30. Qh3 b4 31. Ne2 Qa4 32. Kb1 b3 33. Nc3 bxa2+ 34. Ka1 Qc2 35. Rxd6 Rb7 36. Na4 Qxa4 37. Rd8 Qb4 38. Qe6+ Kg7 39. Rxh7+ Kxh7 40. Qf5+ Ng6 41. Qh5+ Kg7 42. Rg8+ Kxg8 43. Qxg6+ Kf8 44. Qf6+ Ke8 45. Qxe5+ Kd7 46. Qg7+ Kd8 47. Qf8+ Kc7 48. Qxf4+ Kb6 49. Qxg3 Ka5 0-1

[Event "TUR Cup"]
[Site "Antalya"]
[Date "2017.01.29"]
[Round "3"]
[White "Karatas, Deniz"]
[Black "Hatipoglu, Metin"]
[Result "0-1"]
[WhiteElo "1554"]
[BlackElo "1739"]
[PlyCount "64"]
[EventDate "2017.01.28"]
[EventType "swiss"]
[EventRounds "11"]
[EventCountry "TUR"]
[SourceTitle "CBM 176 Extra"]
[Source "ChessBase"]
[SourceDate "2017.03.02"]
[SourceVersion "1"]
[SourceVersionDate "2017.03.02"]
[SourceQuality "1"]

1. e4 c5 2. Nf3 Nc6 3. Be2 d6 4. 0-0 Nf6 5. d3 g6 6. c3 Bg7 7. h3 0-0 8. Be3 b6 9. Nbd2 Bb7 10. Qc2 Rc8 11. Rfe1 Rc7 12. Rac1 Qa8 13. Qb1 Rfc8 14. Nf1 Nd7 15. a4 e6 16. Qa2 Nd8 17. N3d2 d5 18. Ng3 e5 19. f3 Ne6 20. exd5 Bxd5 21. b3 f5 22. Bf2 Nf4 23. Bf1 Re8 24. Qc2 Nf6 25. c4 Bb7 26. Nb1 Rd7 27. Nc3 h5 28. h4 Qd8 29. Red1 Re6 30. a5 Ne8 31. axb6 axb6 32. Na4 Red6 0-1